Pre Mussalman India / (Record no. 186951)
[ view plain ]
| 000 -LEADER | |
|---|---|
| fixed length control field | 00820 a2200169 4500 |
| 003 - CONTROL NUMBER IDENTIFIER | |
| control field | Nust |
| 005 - DATE AND TIME OF LATEST TRANSACTION | |
| control field | 20230201145522.0 |
| 040 ## - CATALOGING SOURCE | |
| Transcribing agency | Nust |
| 082 ## - DEWEY DECIMAL CLASSIFICATION NUMBER | |
| Classification number | 934,NAT |
| 100 ## - MAIN ENTRY--PERSONAL NAME | |
| Personal name | M. S. Nateson |
| 9 (RLIN) | 108423 |
| 245 ## - TITLE STATEMENT | |
| Title | Pre Mussalman India / |
| Statement of responsibility, etc. | M.S. Nateson |
| 260 ## - PUBLICATION, DISTRIBUTION, ETC. | |
| Place of publication, distribution, etc. | London |
| Name of publisher, distributor, etc. | Sri Vani Vilas Press |
| Date of publication, distribution, etc. | 1917 |
| 300 ## - PHYSICAL DESCRIPTION | |
| Extent | 138 |
| 505 ## - FORMATTED CONTENTS NOTE | |
| Formatted contents note | Introduction (Page-Xvii), The Age Of The Ithasas (Page-1), The Dravidians (Page-18), The Post Vedic Ages (Page-20), Mahavira (Page-25), Foreign Invasions (Page-32), Alexander The Great (Page-34), The Later Guptas (Page-68), The Harsha Empire (Page-72), Hiuen Tsag (Page-75), Sultan Muhammad Ghor Ali (Page-11), The Sultan Dehli (Page-115), Conclusion (Page-116), The Series Of India History (Page-126). |
| 650 ## - SUBJECT ADDED ENTRY--TOPICAL TERM | |
| Topical term or geographic name entry element | Pre Mussalman india |
| 9 (RLIN) | 108424 |
| 942 ## - ADDED ENTRY ELEMENTS (KOHA) | |
| Source of classification or shelving scheme | |
| Koha item type | Book |
| Call number prefix | 934,NAT |
| Withdrawn status | Lost status | Source of classification or shelving scheme | Damaged status | Not for loan | Permanent Location | Current Location | Shelving location | Date acquired | Full call number | Barcode | Date last seen | Price effective from | Koha item type | Public note |
|---|---|---|---|---|---|---|---|---|---|---|---|---|---|---|
| Military College of Signals (MCS) | Military College of Signals (MCS) | General Stacks | 12/12/2016 | 934,NAT | MCS29440 | 12/08/2016 | 12/12/2016 | Book | Almirah No. 59, Shelf No. 6 |
